00997nam a2200181 a 4500001001000000005001700010008004100027041000800068044000700076084002000083100005600103245032800159260006800487300003500555500003400590500012600624650006500750BRCA_871620190320210358.0080217s1770----sp-#######---#000-0#spa-# aspa asp aBE57b.F49 17701 aFeyjoó y Montenegro, Benito Geronymod1676 - 176410aCartas eruditas, y curiosas, en que, por la mayor parte, se continua el designio del theatro critico universal, Impugnando, ó reduciendo á dudosas, varias opiniones comunescescritas por el muy ilustre señor D. Fr. Benito Geronymo Feyjoó y Montenegro, Maestro General del Orden de San Benito, el Consejo del S.M.Ec. aMadridbPor D. Joachin Ibarra, Impresor de Camara de S.M.c1770 aXL, 350 p. (t.4)c20.5 x 15 cm aEn portada: Nueva impresión aEstado físico: presenta encuadernación en pergamino con cantos decorados, lomo desprendido y algunas hojas manchandas14aDrama españolxHistoria y criticayObras anteriores a 1800